| 000 | 00733cam a22002292 4500 | ||
|---|---|---|---|
| 001 | 0000019882 | ||
| 005 | 20151217152203.0 | ||
| 008 | 110302s xx 000 0 eng d | ||
| 020 | _a3540724452 : | ||
| 040 |
_aKABU _cKABU |
||
| 245 | 1 | 0 |
_aLagomorph biology : _bevolution, ecology and conservation / _cPoulo C. Alves, Nuno Ferrand, Klaus Hacklander (editors) |
| 250 | _a1st ed. | ||
| 260 |
_aNew York : _bSpringer, _c2008. |
||
| 300 | _axviii, 413 p. | ||
| 650 | 0 |
_aLogomorpha. _@0000179873 |
|
| 700 | 1 |
_aPaulo C. Alves. _@0000179874 |
|
| 700 | 1 |
_aFerrand, Nuno. _@0000179875 |
|
| 700 | 1 |
_aHacklander, Klaus. _@0000179876 |
|
| 852 | 1 | _9p24000 KES | |
| 908 | _a110302 | ||
| 950 | _@1 | ||
| 999 |
_c9112 _d9112 |
||